000 00261nam a2200097Ia 4500
001 653922
005 20250826154507.0
008 250824s9999 xx 000 0 und d
245 0 _aGÖKKUŞAĞI TUTTU ELLERİMİZDEN
_cŞEHRİ MADAN
260 _bGENÇ HAYAT YAYINLARI
999 _c653922
_d653922